Ο φόβος μπροστά στην ελευθερία
Αποθηκεύτηκε σε:
| Κύριος συγγραφέας: | |
|---|---|
| Άλλοι συγγραφείς: | |
| Μορφή: | Βιβλίο |
| Γλώσσα: | Greek |
| Δημοσίευση: |
Αθήνα :
Μπουκουμάνης,
1971
|
| Έκδοση: | 5η έκδ. |
| Σειρά: | Κοινωνιολογία και φιλοσοφία
|
| Θέματα: | |
| Ετικέτες: |
Προσθήκη ετικέτας
Δεν υπάρχουν, Καταχωρήστε ετικέτα πρώτοι!
|
MARC
| LEADER | 00000cam a2200000 i 4500 | ||
|---|---|---|---|
| 001 | 1/53451 | ||
| 008 | 960507s1971 gr | ||| |||| ||gre|| | ||
| 035 | |l 10027521 | ||
| 040 | |a GR-MY-UA |b gre |e aacr | ||
| 041 | 0 | |a gre | |
| 082 | 0 | |a 128 | |
| 100 | 1 | |a Fromm, Erich |d 1900-1980. | |
| 245 | 1 | 2 | |a Ο φόβος μπροστά στην ελευθερία / |c Erich Fromm ; μετάφραση Δημητρίου Θεοδωρακάτου |
| 250 | |a 5η έκδ. | ||
| 260 | |a Αθήνα : |b Μπουκουμάνης, |c 1971 | ||
| 300 | |a 336 σ. | ||
| 490 | 1 | |a Κοινωνιολογία και φιλοσοφία | |
| 504 | |a Περιέχει ευρετήριο | ||
| 580 | |a Translation of: The fear of freedom | ||
| 650 | 0 | 0 | |a Liberty. |
| 700 | 1 | |a Θεοδωρακάτος, Δημήτρης. |4 trl | |
| 730 | 0 | |a The fear of freedom. | |
| 852 | |a INST |b CHIOS |e 19960507 |h 128 FRO |p 005200000235 |q 005200000235 |t BK |y 0 | ||
| 852 | |a INST |b LESVOS |e 19980316 |h 128 FRO |p 005100014800 |q 005100014800 |t BK |y 0 | ||
| 901 | |a BIBL-1998-2 | ||
| 909 | |a Χ |b 031349 | ||
| 909 | |a Λ |b 054325 | ||
| 922 | |a 1ΕΛΗ |b 199802 |c ΚΠΣ/ΤΚ |d EMVASIS | ||
| 950 | |a 103-1998-02-03 | ||